| 000 | 01239cam a22003494a 4500 | ||
|---|---|---|---|
| 999 |
_c532600 _d532600 |
||
| 001 | 16499106 | ||
| 003 | NUST | ||
| 005 | 20191126114855.0 | ||
| 008 | 101013s2011 nyuab b 001 0 eng | ||
| 010 | _a 2010039833 | ||
| 020 | _a9780071744454 (alk. paper) | ||
| 020 | _a0071744452 (alk. paper) | ||
| 035 | _a(OCoLC)ocn613428993 | ||
| 038 | _aMSOHAIL | ||
| 040 |
_aDLC _cDLC _dYDX _dBTCTA _dYDXCP _dDLC |
||
| 042 | _apcc | ||
| 050 | 0 | 0 |
_aTH880 _b.Y45 2011 |
| 082 | 0 | 0 |
_a690 _222 |
| 100 | 1 |
_aYellamraju, Vijaya. _926221 |
|
| 245 | 1 | 0 |
_aLEED-new construction project management / _cVijaya Yellamraju. |
| 260 |
_aNew York : _bMcGraw-Hill, _cc2011. |
||
| 300 |
_axix, 474 p. : _bill., maps ; _c24 cm. |
||
| 490 | 1 | _aMcGraw-Hill's GreenSource series | |
| 504 | _aIncludes bibliographical references and index. | ||
| 650 | 0 |
_aSustainable construction. _926154 |
|
| 650 | 0 |
_aBuilding _xSuperintendence. _919468 |
|
| 650 | 0 |
_aLeadership in Energy and Environmental Design Green Building Rating System. _926222 |
|
| 830 | 0 |
_aMcGraw-Hill's GreenSource series. _926223 |
|
| 906 |
_a7 _bcbc _corignew _d1 _eecip _f20 _gy-gencatlg |
||
| 942 |
_2ddc _cBK |
||